000 01314nam a2200253Ia 4500
999 _c54628
_d54628
001 21695
003 GE_BSU
005 20250728153753.0
008 181216s2017||||ge |||||||||||||| ||geo||
020 _a9789941248375
040 _cGE_BSU
041 _ageo
080 _a27-36 თ-54
245 _aႧვენი. [ტ.] 26, 11 სექტემბერი - 20 სექტემბერი (ახალი სტილით 24 სექტემბერი - 3 ოქტომბერი) /
_cპროექტის ავტორი და რედაქტორი თამარ მამაცაშვილი ; შემდგენელი კახაბერ კენკიშვილი ; დიზაინერი რატი
264 _aთბილისი :
_bპალიტრა L,
_c2017,
300 _a349 გვ. ;
_c22 სმ.
490 _aჟურნალ ”კარიბჭის” ბიბლიოთეკა
541 _h6 ლ.
653 _aთვენი. 11 სექტემბერი -20 სექტემბერი. 26
653 _aრელიგია
653 _aმართლმადიდებლური ეკლესია
653 _aწმინდანთა ცხოვრება
942 _cBK
_2udc